ARRUPE JESUIT UNIVERSITY

CORONAVIRUS -STOP THE SPREAD - CLEAN,DISINFECT,COVER

The face beside the fire (Record no. 121395)

MARC details
000 -LEADER
fixed length control field 00628cam a22002171 4500
001 - CONTROL NUMBER
control field 6509632
003 - CONTROL NUMBER IDENTIFIER
control field ARRUPE
005 - DATE AND TIME OF LATEST TRANSACTION
control field 20150107133601.0
008 - FIXED-LENGTH DATA ELEMENTS--GENERAL INFORMATION
fixed length control field 750613s1953 enk 000 1 eng
010 ## - LIBRARY OF CONGRESS CONTROL NUMBER
LC control number 53026875
015 ## - NATIONAL BIBLIOGRAPHY NUMBER
National bibliography number GB53-4130
035 ## - SYSTEM CONTROL NUMBER
System control number (OCoLC)1390553
040 ## - CATALOGING SOURCE
Original cataloging agency DLC
Transcribing agency FO
Modifying agency OCoLC
-- ViBlbV
-- Uk
-- DLC
050 00 - LIBRARY OF CONGRESS CALL NUMBER
Classification number SPC PR9369.3.V3.F3
300 ## - PHYSICAL DESCRIPTION
Dimensions 21 cm.
100 1# - MAIN ENTRY--PERSONAL NAME
Personal name Van der Post, Laurens.
9 (RLIN) 13076
245 14 - TITLE STATEMENT
Title The face beside the fire
Remainder of title a novel.
Statement of responsibility, etc / Laurens Van Der Post
260 ## - PUBLICATION, DISTRIBUTION, ETC. (IMPRINT)
Place of publication, distribution, etc London,
Name of publisher, distributor, etc Hogarth Press,
Date of publication, distribution, etc 1953.
300 ## - PHYSICAL DESCRIPTION
Extent 311 p.
906 ## - LOCAL DATA ELEMENT F, LDF (RLIN)
a 7
b cbc
c oclcrpl
d u
e ncip
f 19
g y-gencatlg
942 ## - ADDED ENTRY ELEMENTS (KOHA)
Source of classification or shelving scheme Library of Congress Classification
Koha item type SPC
Holdings
Withdrawn status Lost status Source of classification or shelving scheme Damaged status Not for loan Home library Current library Date acquired Total Checkouts Full call number Barcode Date last seen Price effective from Koha item type
    Library of Congress Classification     ARRUPE LIBRARY ARRUPE LIBRARY 03/12/2014   SPC PR9369.3.V3.F3 46500003589 03/12/2014 03/12/2014 SPC

 

Arrupe Library. PO Box MP320 Mt Pleasant, Harare, Zimbabwe
263 242 745411|librarian@aju.ac.zw